Adventures of the shark lady : (Record no. 5935)

MARC details
000 -LEADER
fixed length control field 01232cam a22003613a 4500
001 - CONTROL NUMBER
control field 5935
003 - CONTROL NUMBER IDENTIFIER
control field FISKH
005 - DATE AND TIME OF LATEST TRANSACTION
control field 20250210104738.0
008 - FIXED-LENGTH DATA ELEMENTS--GENERAL INFORMATION
fixed length control field 980616s1998 nyuab j b 000 0beng d
010 ## - LIBRARY OF CONGRESS CONTROL NUMBER
LC control number 99481162
020 ## - INTERNATIONAL STANDARD BOOK NUMBER
International Standard Book Number 0590457128 (pbk.) :
Terms of availability $3.99
020 ## - INTERNATIONAL STANDARD BOOK NUMBER
International Standard Book Number 9780590457125
035 ## - SYSTEM CONTROL NUMBER
System control number (OCoLC)ocm39298218
040 ## - CATALOGING SOURCE
Original cataloging agency IHI
Transcribing agency IHI
Modifying agency DPL
-- OCL
-- SPP
-- DLC
Language of cataloging eng
043 ## - GEOGRAPHIC AREA CODE
Geographic area code n-us---
050 ## - LIBRARY OF CONGRESS CALL NUMBER
Classification number QL31.C56 M32
082 ## - DEWEY DECIMAL CLASSIFICATION NUMBER
Classification number 597.0092
100 1# - MAIN ENTRY--PERSONAL NAME
Personal name McGovern, Ann
Dates associated with a name (1930–2015)
245 10 - TITLE STATEMENT
Title Adventures of the shark lady :
Remainder of title Eugenie Clark around the world /
Statement of responsibility, etc. by Ann McGovern.
250 ## - EDITION STATEMENT
Edition statement This edition first published in 1998
260 ## - PUBLICATION, DISTRIBUTION, ETC.
Place of publication, distribution, etc. New York :
Name of publisher, distributor, etc. Scholastic,
Date of publication, distribution, etc. 1998.
300 ## - PHYSICAL DESCRIPTION
Extent 79 pages :
Other physical details illustrations ;
Dimensions 20 cm.
440 #0 - SERIES STATEMENT/ADDED ENTRY--TITLE
Title Scholastic biography
505 ## - FORMATTED CONTENTS NOTE
Formatted contents note R<br/>
520 ## - SUMMARY, ETC.
Summary, etc. A biography of the ichthyologist whose interest in fish began at the age of nine during weekly trips to the Aquarium in New York City.
521 8# - TARGET AUDIENCE NOTE
Target audience note 750<br/>
Source Lexile<br/>
521 8# - TARGET AUDIENCE NOTE
Target audience note R<br/>
Source Raz-Plus<br/>
650 #0 - SUBJECT ADDED ENTRY--TOPICAL TERM
Topical term or geographic name entry element Ichthyologists
Geographic subdivision United States
Form subdivision Juvenile literature.
650 #0 - SUBJECT ADDED ENTRY--TOPICAL TERM
Topical term or geographic name entry element Sharks
General subdivision Research
Form subdivision Juvenile literature.
906 ## - LOCAL DATA ELEMENT F, LDF (RLIN)
a 7
b cbc
c copycat
d 2
e ncip
f 19
g y-genrareb
942 ## - ADDED ENTRY ELEMENTS (KOHA)
Source of classification or shelving scheme Dewey Decimal Classification
Koha item type Books
Suppress in OPAC No
Holdings
Withdrawn status Lost status Source of classification or shelving scheme Damaged status Not for loan Collection Home library Current library Shelving location Date acquired Total Checkouts Full call number Barcode Date last seen Copy number Price effective from Koha item type
    Dewey Decimal Classification     Juvenile Fiction Footprints International School Library Network Toul Kork Campus Footprints International School Library Network Toul Kork Campus TTP Primary Orange Bookshelves 02/10/2025   MCG 597.0092 QL31.C56 M32 2025-0464 02/10/2025 1 02/10/2025 Books